Japanese culture : A study of origins and characteristics

שמור ב:
מידע ביבליוגרפי
מחבר ראשי: Eiichiro, Ishida
פורמט: ספר
שפה:Undetermined
יצא לאור: Tokyo University Of Tokyo Press 1974
תגים: הוספת תג
אין תגיות, היה/י הראשונ/ה לתייג את הרשומה!
Thư viện lưu trữ: Trung tâm Học liệu Trường Đại học Cần Thơ
LEADER 00520nam a2200181Ia 4500
001 CTU_112058
008 210402s9999 xx 000 0 und d
082 |a 915.2 
082 |b I.79 
100 |a Eiichiro, Ishida 
245 0 |a Japanese culture : 
245 2 |b A study of origins and characteristics 
245 0 |c Eiichiro Ishida ; Translated by Teruko Kachi 
260 |a Tokyo 
260 |b University Of Tokyo Press 
260 |c 1974 
904 |i M.Loan 
980 |a Trung tâm Học liệu Trường Đại học Cần Thơ